Artists Popular on 2024 TikTok - Statistics

General Stats
  • This quiz has been taken 89 times
  • The average score is 7 of 15
Answer Stats
Songs Artist % Correct
BIRDS OF A FEATHER Billie Eilish
89%
Apple Charli XCX
75%
Taste Sabrina Carpenter
70%
HOT TO GO Chappell Roan
62%
Too Sweet Hozier
62%
BAND4BAND Central Cee
56%
Beautiful Things Benson Boone
55%
MILLION DOLLAR BABY Tommy Richman
37%
Mamushi Megan Thee Stallion
36%
I Had Some Help Post Malone
29%
Austin Dasha
24%
Tell Ur Girlfriend Lay Bankz
21%
Pink Skies Zach Bryan
21%
BANDIT Don Toliver
18%
Big Dawgs Hanumankind
8%
No matching quizzes found
Score Distribution
Percent of People with Each Score
Percentile by Number Answered
Your Score History
You have not taken this quiz